|
|
|
|
| LEADER |
00000nam0a2200000 4500 |
| 001 |
74318 |
| 005 |
20231031085157.0 |
| 035 |
|
|
|a (RuTPU)RU\TPU\book\79257
|
| 090 |
|
|
|a 74318
|
| 100 |
|
|
|a 20050302d1960 m y0rusy50 ca
|
| 101 |
0 |
|
|a rus
|
| 102 |
|
|
|a RU
|
| 105 |
|
|
|a a j 000zy
|
| 200 |
1 |
|
|a Общие основы технологии резинового производства
|e пособие при подготовке и повышении квалификации рабочих
|f Х. А. Малкина
|
| 210 |
|
|
|a Москва
|c Госхимиздат
|d 1960
|
| 215 |
|
|
|a 303 с.
|c ил.
|e 1 л. вкл.
|
| 516 |
1 |
|
|a Технология резинового производства
|
| 610 |
1 |
|
|a пособия
|
| 610 |
1 |
|
|a резиновое производство
|
| 610 |
1 |
|
|a технология
|
| 610 |
1 |
|
|a шинные конструкции
|
| 610 |
1 |
|
|a сырье
|
| 610 |
1 |
|
|a материалы
|
| 610 |
1 |
|
|a смешение
|
| 610 |
1 |
|
|a каландрование
|
| 610 |
1 |
|
|a вулканизация
|
| 610 |
1 |
|
|a контроль
|
| 675 |
|
|
|a 678.02(075.9)
|v 3
|
| 700 |
|
1 |
|a Малкина
|b Х. А.
|g Христина Эмильевна
|
| 801 |
|
1 |
|a RU
|b 63413507
|c 20050302
|g PSBO
|
| 801 |
|
2 |
|a RU
|b 63413507
|c 20180808
|g PSBO
|
| 942 |
|
|
|c BK
|